[Event "Warsaw Najdorf Memorial op-B"]
[Site "Warsaw"]
[Date "2022.07.16"]
[Round "8"]
[White "Napieralski, Lucjan"]
[Black "Carrieri, Maurizio"]
[Result "0-1"]
[WhiteElo "1414"]
[BlackElo "1666"]
[PlyCount "98"]
[EventDate "2022.07.09"]
[EventType "swiss"]
[EventRounds "9"]
[EventCountry "POL"]
[SourceTitle "CBM 209 Extra"]
[Source "ChessBase"]
[SourceDate "2022.09.30"]
[SourceVersion "1"]
[SourceVersionDate "2022.09.30"]
[SourceQuality "1"]

1. e4 c5 2. Nf3 Nc6 3. d4 cxd4 4. Nxd4 Nf6 5. Nxc6 bxc6 6. Bd3 e5 7. c4 Bb4+ 8. Nd2 a5 9. 0-0 0-0 10. a3 Bc5 11. b3 Bd4 12. Rb1 d5 13. Qc2 Bg4 14. Bb2 Bxb2 15. Rxb2 d4 16. f4 Nh5 17. fxe5 Qg5 18. Nf3 Bxf3 19. Rxf3 g6 20. c5 Qxe5 21. Qc4 Nf4 22. Rbf2 Ne6 23. b4 axb4 24. axb4 Ra1+ 25. Rf1 Rxf1+ 26. Rxf1 Ra8 27. Qb3 Kg7 28. Qb2 Qg5 29. Qf2 Qe3 30. Qxe3 dxe3 31. e5 Ra2 32. Re1 Ra3 33. Be4 Nd4 34. Rd1 Ne2+ 35. Kf1 Nc3 36. Re1 Nxe4 37. Ke2 Kf8 38. Kf3 Nd2+ 39. Kf4 Nc4 40. Ke4 Ke7 41. Kd4 Nd2 42. Rxe3 Rxe3 43. Kxe3 Nf1+ 44. Kd4 Nxh2 45. b5 cxb5 46. c6 Ng4 47. Kc5 Nxe5 48. c7 Kd7 49. Kb6 Kc8 0-1

[Event "Warsaw Najdorf Memorial op-B"]
[Site "Warsaw"]
[Date "2022.07.11"]
[Round "3"]
[White "Rog, Mateusz"]
[Black "Napieralski, Lucjan"]
[Result "0-1"]
[WhiteElo "1564"]
[BlackElo "1414"]
[PlyCount "110"]
[EventDate "2022.07.09"]
[EventType "swiss"]
[EventRounds "9"]
[EventCountry "POL"]
[SourceTitle "CBM 209 Extra"]
[Source "ChessBase"]
[SourceDate "2022.09.30"]
[SourceVersion "1"]
[SourceVersionDate "2022.09.30"]
[SourceQuality "1"]

1. d4 e6 2. c4 Nf6 3. Nf3 d5 4. g3 c5 5. Bg2 Nc6 6. b3 Qb6 7. e3 cxd4 8. exd4 Bb4+ 9. Bd2 Nxd4 10. Nxd4 Qxd4 11. Bxb4 Qxa1 12. 0-0 a5 13. Ba3 b5 14. cxb5 Bb7 15. Qc1 Rc8 16. Qf4 Nd7 17. Qd6 Qf6 18. Bh3 Rc2 19. Bg4 Rxa2 20. Qc7 Rxa3 21. Nxa3 Ba8 22. Qa7 Qd8 23. Rc1 0-0 24. Rc7 Nf6 25. Bf3 Ne8 26. Rd7 Qc8 27. b6 Qc1+ 28. Kg2 Bc6 29. b7 Bxb7 30. Qxb7 Qxa3 31. Bh5 g6 32. Be2 Nf6 33. Rc7 Qb2 34. Bd3 Qd4 35. Qa6 Ne4 36. Bxe4 Qxe4+ 37. f3 Qb1 38. Rb7 Rc8 39. Qxa5 Rc2+ 40. Kh3 Qf1+ 41. Kg4 h5+ 42. Kg5 Qxf3 43. Rb4 d4 44. Qe5 Qe3+ 45. Qxe3 dxe3 46. Kh6 Kf8 47. Re4 e2 48. b4 Ke7 49. b5 Rb2 50. Kg7 Rxb5 51. Rxe2 Rf5 52. Rd2 e5 53. Re2 Ke6 54. Kh6 Kd5 55. h3 Rf3 0-1